Nghiên cứu thuật toán nâng cao và ứng dụng vào giải toán bằng máy tính cầm tay Báo cáo tổng kết đề tài nghiên cứu khoa học của Sinh viên. Mã số CS2015.02.24

Salvato in:
Dettagli Bibliografici
Autore principale: Lê, Văn Huy (Chủ nhiệm đề tài)
Natura: Tesi Libro
Pubblicazione: Đồng Tháp Trường Đại học Đồng Tháp 2016
Soggetti:
Tags: Aggiungi Tag
Nessun Tag, puoi essere il primo ad aggiungerne! !
Thư viện lưu trữ: Trung tâm Học liệu Lê Vũ Hùng, Trường Đại học Đồng Tháp
LEADER 01225pam a22003138a 4500
001 00036197
005 20171026081025.0
008 170217s2016 ||||||Viesd
041 0 # |a Vie 
082 1 4 |b NGH305C  |a 510.285 
100 1 # |a Lê, Văn Huy  |e Chủ nhiệm đề tài 
245 1 0 |b Báo cáo tổng kết đề tài nghiên cứu khoa học của Sinh viên. Mã số CS2015.02.24  |c Lê Văn Huy (chủ nhiệm đề tài)  |a Nghiên cứu thuật toán nâng cao và ứng dụng vào giải toán bằng máy tính cầm tay 
260 # # |b Trường Đại học Đồng Tháp  |c 2016  |a Đồng Tháp 
300 # # |a 28tr. +phụ lục  |c 30 cm.  |e 1 bản tóm tắt 
500 # # |a ĐTTS ghi: Bộ Giáo dục và Đào tạo. Trường Đại học Đồng Tháp 
653 # # |a Máy tính 
653 # # |a Nghiên cứu khoa học 
653 # # |a giải toán 
653 # # |a thuật toán 
852 # # |b Kho đọc  |j KH.0000070 
852 # # |j KH.0000070 
910 # # |d 17/02/2017 
980 # # |a Trung tâm Học liệu Lê Vũ Hùng, Trường Đại học Đồng Tháp